000
00263nam a2200109Ia 4500
008
190913s9999||||xx |||||||||||||| ||und||
100
_a
Hill,Brian
245
4
_a
The Computer Reference Cisco
260
_a
New Delhi
_b
McGraw Hill
_c
2001
300
_a
742
942
_c
BK
999
_c
8328
_d
8328